3 Biggest Cities in each Region of Jamaica - Statistics

General Stats
  • This quiz has been taken 4 times
  • The average score is 15 of 40
Answer Stats
Region + Rank Population City % Correct
St. Andrew 1 841,349 Kingston
100%
Kingston 1 98,505 Kingston
100%
St. James 1 121,939 Montego Bay
67%
St. Thomas 1 21,870 Albion
33%
St. James 3 6,764 Anchovy
33%
St. James 2 8,096 Barrett Hall
33%
St. Elizabeth 2 5,127 Black River
33%
Portland 2 8,176 Boston Bay
33%
Portland 3 8,078 Buff Bay
33%
St. Andrew 3 20,016 Bull Bay
33%
Manchester 2 10,972 Christiana
33%
Trelawny 2 4,030 Duncans
33%
Trelawny 1 17,761 Falmouth
33%
Westmoreland 3 7,455 Grange Hill
33%
St. Andrew 2 43,091 Harbour View
33%
Clarendon 3 34,274 Hayes
33%
St. Mary 3 7,719 Highgate
33%
Hanover 1 7,118 Hopewell
33%
Hanover 2 5,902 Lucea
33%
St. Thomas 2 18,063 Lyssons
33%
Manchester 1 73,348 Mandeville
33%
Clarendon 1 65,872 May Pen
33%
St. Thomas 3 15,138 Morant Bay
33%
Westmoreland 2 11,665 Negril
33%
St. Ann 2 21,144 Ocho Rios
33%
St. Catherine 3 57,812 Old Harbour
33%
Hanover 3 3,281 Orange Bay
33%
Clarendon 2 41,175 Palmers Cross
33%
Portland 1 19,953 Port Antonio
33%
St. Mary 2 8,425 Port Maria
33%
St. Catherine 1 179,510 Portmore
33%
Manchester 3 9,166 Porus
33%
St. Ann 3 16,255 Runaway Bay
33%
St. Ann 1 30,070 Saint Ann's Bay
33%
Trelawny 3 3,304 Salt Marsh
33%
St. Elizabeth 1 10,078 Santa Cruz
33%
Westmoreland 1 23,160 Savanna-la-Mar
33%
St. Catherine 2 166,272 Spanish Town
33%
St. Mary 1 13,776 Tower Isle
33%
St. Elizabeth 3 5,033 Treasure Beach
33%
No matching quizzes found
Score Distribution
Percent of People with Each Score
Percentile by Number Answered
Your Score History
You have not taken this quiz